Sports Quiz

Random Sports or NBA Quiz
Score 0/9 Timer 03:00
2 Plays Today
Hint Answer % Correct
Dirk Nowitzki
94.4%
Dwight Howard
89.9%
Hakeem Olajuwon
88.9%
Mike Conley
87.3%
Tracy McGrady
85.8%
Grant Hill
84.8%
Bogdan Bogdanovic
70.1%
Vince Carter
67.6%
Charles Oakley
66.3%
Remove Ads.
Support Sporcle.
Get the best of Sporcle when you Go Orange. This ad-free experience offers more features, more stats, and more fun while also helping to support Sporcle. Thank you for becoming a member.

You're not logged in!

Compare scores with friends on all Sporcle quizzes.
OR
Log In

Sporcle TV

Today on Sporcle TV


Watch our educational content, quiz creation guides, and fun videos on Sporcle TV.

Show Comments

Extras

Top Quizzes Today


Score Distribution

Paid Content

Your Account Isn't Verified!

In order to create a playlist on Sporcle, you need to verify the email address you used during registration. Go to your Sporcle Settings to finish the process.

Report this User

Report this user for behavior that violates our Community Guidelines.

Details: